000
002400000a22000970004500
100
1
_a
Ashton, Mark
245
1
0
_a
Luke 4:14-30 : Freedom for the oppressed
300
_a
Vol. 16, Núm 2 (1998), Páginas 38-41
773
0
_t
Evangel
942
_c
ANA
999
_c
54485
_d
54485